| 000 | 00817nam a2200229Ii 4500 | ||
|---|---|---|---|
| 003 | JO-AjNU | ||
| 008 | 230605s9999||||xx |||||||||||||| ||und|| | ||
| 017 | _a2003/18904 | ||
| 020 | _a977-322-125-3 | ||
| 040 |
_aJO-AjNU _bara _erda _cJO-AjNU |
||
| 041 | _aara | ||
| 050 | 1 | 4 | _aBP188.5.D3738 2004 |
| 100 | 3 |
_aدرويش، هدى, _eauthor _920661 |
|
| 245 | 0 | 0 | _aدور التصوف في إنتشار الإسلام في آسيا الوسطى والقوقاز |
| 250 | _aط1 | ||
| 264 | 3 | 1 | _aالقاهرة: عين للدراسات والبحوث الانسانية والاجتماعية، 2004 |
| 300 | _a158ص | ||
| 336 |
_atext _btxt _2rdacontent |
||
| 337 |
_aunmediated _bn _2rdamedia |
||
| 338 |
_avolume _bnc _2rdacarrier |
||
| 650 | 4 |
_aالاسلام- تاريخ- اسيا الوسطى- تصوف _920662 |
|
| 999 |
_aA7043 _c10611 _d10611 |
||